Návrh opatrení na zlepšenie výrobného procesu v podniku Schaeffler Skalica, spol. s r.o.

Na minha lista:
Detalhes bibliográficos
Autor principal: Tomša, Juraj (Author)
Outros Autores: Jurík, Lukáš (Thesis advisor)
Formato: Manuscrito Livro
Idioma:eslovaco
Publicado em: 2018
Assuntos:
Acesso em linha:http://is.stuba.sk/zp/portal_zp.pl?podrobnosti=123835
Tags: Adicionar Tag
Sem tags, seja o primeiro a adicionar uma tag!

MARC

LEADER 00000ntm a22000003a 4500
001 stuzp67774
003 SK-STU
005 20180820155242.0
007 ta
008 150427s2015----xo-----f-mn---000-0-slo-d
040 |a STU  |b slo 
041 0 |a slo 
100 1 |a Tomša, Juraj  |u 064000  |4 aut  |U MTF Materiálovotechnologická fakulta  |T MTF Ústav priemyselného inžinierstva a manažmentu  |X 80446  |U M4000  |Y 84  |7 80446 
242 0 1 |a Draft measures for improvement of manufacturing process in the company Schaeffler Skalica, spol. s r.o.  |y eng 
245 1 0 |a Návrh opatrení na zlepšenie výrobného procesu v podniku Schaeffler Skalica, spol. s r.o. 
260 |c 2018 
650 4 |a snímka práce  |2 slo 
650 4 |a výrobný proces  |2 slo 
650 4 |a Kaizen  |2 slo 
650 4 |a plytvanie  |2 slo 
650 4 |a waste  |2 eng 
650 4 |a manufacturing process  |2 eng 
650 4 |a Kaizen  |2 eng 
650 4 |a working day shot  |2 eng 
700 1 |a Jurík, Lukáš  |u 064000  |k Z1  |4 ths  |U MTF Materiálovotechnologická fakulta  |T MTF Ústav priemyselného inžinierstva a manažmentu  |X 57263  |U M4000  |Y 84  |7 A000057263 
856 4 |u http://is.stuba.sk/zp/portal_zp.pl?podrobnosti=123835 
996 |c M* BP-8455  |l MMSKP  |s P  |a 0  |w stuzp67774_0001